Canada.
| Format: | Book |
|---|---|
| Published: |
California:
Lonely Planet,
2005.
|
| Series: | Lonely planet
|
| Subjects: |
| LEADER | 00478cam a2200169 7i4500 | ||
|---|---|---|---|
| 001 | 0000017298 | ||
| 005 | 20060418090000.0 | ||
| 020 | 0 | 0 | |a 1-74059-773-7 |
| 090 | 0 | 0 | |a CAND 917.13 |b CAN |
| 245 | 1 | 0 | |a Canada. |
| 260 | 0 | 0 | |a California: |b Lonely Planet, |c 2005. |
| 300 | # | # | |a 912 p. |
| 440 | 0 | 0 | |a Lonely planet |
| 650 | 0 | 0 | |a Canada -- |x Guidebooks |
| 650 | 0 | 0 | |a Canada -- |x Description and travel -- |x Guidebooks |
| 651 | 0 | 0 | |a Canada |
| 999 | |a B000017847 |b Book |c Countries |e Business Information Centre | ||


